| 000 | 01253nam a2200313Ia 4500 | ||
|---|---|---|---|
| 001 | ebr10465572 | ||
| 003 | CaPaEBR | ||
| 006 | m u | ||
| 007 | cr cn||||||||| | ||
| 008 | 050812s2005 dk a sb 000 0 eng d | ||
| 020 | _z9788763001465 | ||
| 020 | _z8763001462 | ||
| 040 |
_aCaPaEBR _cCaPaEBR |
||
| 035 | _a(OCoLC)774280273 | ||
| 050 | 1 | 4 |
_aHD69.C6 _bD43 2005eb |
| 245 | 0 | 0 |
_aDealing with confidence _h[electronic resource] : _bthe construction of need and trust in management advisory services / _cStaffan Furusten and Andreas Werr (eds.). |
| 250 | _a1st ed. | ||
| 260 |
_aCopenhagen ; _aHerndon, VA : _bCopenhagen Business School Press, _c2005. |
||
| 300 |
_a269 p. : _bill. |
||
| 504 | _aIncludes bibliographical references. | ||
| 533 |
_aElectronic reproduction. _bPalo Alto, Calif. : _cebrary, _d2011. _nAvailable via World Wide Web. _nAccess may be limited to ebrary affiliated libraries. |
||
| 650 | 0 | _aBusiness consultants. | |
| 650 | 0 | _aConsulting firms. | |
| 655 | 7 |
_aElectronic books. _2local |
|
| 700 | 1 | _aFurusten, Staffan. | |
| 700 | 1 | _aWerr, Andreas. | |
| 710 | 2 | _aebrary, Inc. | |
| 856 | 4 | 0 |
_uhttp://site.ebrary.com/lib/rucke/Doc?id=10465572 _zAn electronic book accessible through the World Wide Web; click to view |
| 999 |
_c132169 _d132169 |
||